000 00980nam a2200253Ia 4500
003 OSt
005 20221005104321.0
006 a|||||r|||| 00| 0
007 ta
008 221004b |||||||| |||| 00| 0 hin d
020 _a8173155372 (hbk)
_c600
024 _a97395
037 _b431/PBD, 06/02/2009, Pioneer Books Distributors
_cTextual
040 _aCRL
_cCRL
_bhin
041 _2hin
_ahin
082 _aV2:594.P1, 152P6
100 _aकारडोजो, इयान, संपा.
245 0 _aभारतीय सेना का गौरवशाली इतिहास
246 _aBhāratīya senā kā gauravashālī itihāsa
260 _aदिल्ली
_bप्रभात प्रकाशन भारत
_c2006
300 _a543पृ0
_ccm.
942 _hV2:594.P1, 152P6
_cTEXL
_2cc
999 _c1012347
_d1012347